00530nam a22001697a 4500003000600000005001700006008004100023020001500064040000800079082001500087245010400102260004600206300002200252650003300274650002200307650003100329GBCCL20241126110633.0180906b ||||| |||| 00| 0 eng d a8123007124 cgbc a315.4bIND aIndia 1999 :ba reference annual/ccompiled and edited by Research, reference and training division c1999.aNew Delhi bPublications Division  a773 pages c23 cm aIndia -- Social conditions.  aSocial conditions aIndia -- Social economic.